Enfermería geriátrica y gerontológica / (Registro nro. 31596)

Detalles MARC
000 -LEADER
campo de control de longitud fija 01788am aa2200421i 44500
003 - IDENTIFICADOR DE NÚMERO DE CONTROL
campo de control PE-LiUPU
005 - FECHA Y HORA DE LA ÚLTIMA TRANSACCIÓN
campo de control 20251014093007.0
008 - DATOS DE LONGITUD FIJA--INFORMACIÓN GENERAL
campo de control de longitud fija 1900s2019 sp a rba 000 0 spa d
020 ## - NÚMERO INTERNACIONAL ESTÁNDAR DEL LIBRO
Número Internacional Estándar del Libro 9788417370299
035 ## - NÚMERO DE CONTROL DEL SISTEMA
Número de control de sistema PE-LiUPU000013
040 ## - FUENTE DE CATALOGACIÓN
Centro catalogador/agencia de origen PE-LiUPU
Lengua de catalogación spa
Centro/agencia transcriptor PE-LiUPU
Normas de descripción rda
041 0# - CÓDIGO DE IDIOMA
Código de lengua del texto/banda sonora o título independiente spa
082 04 - NÚMERO DE LA CLASIFICACIÓN DECIMAL DEWEY
Número de clasificación 618.970231
Cutter E42e
Número de edición 23
100 ## - ENTRADA PRINCIPAL--NOMBRE DE PERSONA
Nombre de persona Eliopoulos, Charlotte,
Término indicativo de función/relación autora.
9 (RLIN) 7158
245 10 - MENCIÓN DEL TÍTULO
Título Enfermería geriátrica y gerontológica /
Mención de responsabilidad, etc. por Charlotte Eliopoulos.
250 ## - MENCION DE EDICION
Mención de edición 9ª edición.
264 #1 - PRODUCCIÓN, PUBLICACIÓN, DISTRIBUCIÓN, FABRICACIÓN Y COPYRIGHT
Producción, publicación, distribución, fabricación y copyright Barcelona :
Nombre del de productor, editor, distribuidor, fabricante Wolters Kluwer,
Fecha de producción, publicación, distribución, fabricación o copyright 2019.
300 ## - DESCRIPCIÓN FÍSICA
Extensión 539 páginas :
Otras características físicas ilustraciones ;
Dimensiones 27 cm
Material acompañante/anejo 1 recurso en línea.
336 ## - TIPO DE CONTENIDO
Término de tipo de contenido texto
Fuente rdacontent
337 ## - TIPO DE MEDIO
Nombre/término del tipo de medio sin mediación
Fuente rdamedia
338 ## - TIPO DE SOPORTE
Nombre/término del tipo de soporte volumen
Fuente rdacarrier
500 ## - NOTA GENERAL
Nota general Traducción de: Gerontological nursing, 9th ed.
504 ## - NOTA DE BIBLIOGRAFÍA, ETC.
Nota de bibliografía, etc. Incluye referencias bibliográficas e índice.
505 0# - NOTA DE CONTENIDO CON FORMATO
Nota de contenido con formato La experiencia del envejecimiento -- Fundamentos de enfermería geriátrica y gerontológica -- Promoción de la salud -- Atención geriátrica -- Escenarios y problemas específicos en la atención geriátrica.
546 ## - NOTA DE IDIOMA
Nota de lengua/lenguaje Texto en español.
650 14 - PUNTO DE ACCESO ADICIONAL DE MATERIA--TÉRMINO DE MATERIA
Término de materia o nombre geográfico como elemento de entrada Enfermería geriátrica.
9 (RLIN) 7159
650 24 - PUNTO DE ACCESO ADICIONAL DE MATERIA--TÉRMINO DE MATERIA
Término de materia o nombre geográfico como elemento de entrada Gerontología.
9 (RLIN) 7160
650 24 - PUNTO DE ACCESO ADICIONAL DE MATERIA--TÉRMINO DE MATERIA
Término de materia o nombre geográfico como elemento de entrada Cuidado de ancianos.
9 (RLIN) 7161
650 24 - PUNTO DE ACCESO ADICIONAL DE MATERIA--TÉRMINO DE MATERIA
Término de materia o nombre geográfico como elemento de entrada Salud del adulto mayor.
9 (RLIN) 7162
700 ## - ENTRADA AGREGADA--NOMBRE PERSONAL
Nombre de persona Bautista Eugenio, Verónica,
Término indicativo de función/relación editora.
9 (RLIN) 7163
700 ## - ENTRADA AGREGADA--NOMBRE PERSONAL
Nombre de persona Ochoa, Rebeca Victoria,
Término indicativo de función/relación editora.
9 (RLIN) 7164
700 ## - ENTRADA AGREGADA--NOMBRE PERSONAL
Nombre de persona Villalobos Courtin, Alicia,
Término indicativo de función/relación editora.
9 (RLIN) 7165
710 ## - ENTRADA AGREGADA--NOMBRE DE ENTIDAD CORPORATIVA
Nombre de entidad corporativa o nombre de jurisdicción como elemento de entrada Wolters Kluwer,
Término indicativo de función/relación editor.
9 (RLIN) 7166
856 40 - LOCALIZACIÓN Y ACCESO ELECTRÓNICOS
Identificador Uniforme de Recursos <a href="https://thepoint.lww.com">https://thepoint.lww.com</a>
Nota pública Acceso a contenido en línea (requiere código).
942 ## - ELEMENTOS DE ENTRADA SECUNDARIOS (KOHA)
Fuente del sistema de clasificación o colocación Clasificación Decimal Dewey
Tipo de ítem Koha Libros físicos
980 ## - EQUIVALENCIA O REFERENCIA-CRUZADA-MENCIÓN DE SERIE--NOMBRE DE PERSONA/TÍTULO [LOCAL, CANADÁ]
ID del último usuario que modificó el registro 18226
Nombre del último usuario que modificó el registro Jaime Vilcazán Jefe de Análisis Documental
Existencias
Visto por última vez Número de inventario Total de préstamos Signatura topográfica completa Código de barras Fecha del último préstamo Copia número Coste, precio de reemplazo Fecha de reemplazo Facultad Tipo de ítem Koha Nota pública Estado de pérdida Fuente del sistema de clasificación o colocación Restricciones de uso No para préstamo Colección Programa académico Biblioteca de origen Biblioteca actual Ubicación en estantería Fecha de adquisición Fuente de adquisición Coste, precio normal de compra
2025-12-03 4 1 618.970231 E42e 79742 2025-10-14 e1 64.49 2019-08-05 FSALUD Libros físicos inventario-2023-12-13 No Perdido Clasificación Decimal Dewey No restringido Disponible para préstamos Colección General Enfermería Biblioteca CRAI UPeU Lima Biblioteca CRAI UPeU Lima Sala principal 2019-08-05 COMPRA 59.49
2025-12-03 4   618.970231 E42e 82817   e2 64.49 2025-10-10 FSALUD Libros físicos   No Perdido Clasificación Decimal Dewey No restringido Disponible para préstamos Colección General Enfermería Biblioteca CRAI UPeU Lima Biblioteca CRAI UPeU Lima Sala principal 2019-08-05 COMPRA 59.49